Can You Name All The Characteristics Of Meeple From Brawl Stars? - Statistics

General Stats
  • This quiz has been taken 2 times
  • The average score is 6 of 15
Answer Stats
Hint Answer % Correct
Title Cheater
100%
Rarity Epic
100%
Trio Board Games
50%
Class Controller
50%
Star Power Do Not Pass Go
50%
Gadgets Mansions of Meeple
50%
Prestige Title My Game My Rules
50%
Buffies No
50%
Trait No
50%
Gadgets Ragequit
50%
Voice Actor André Refig
0%
Attack Boomhaven
0%
Super Critical Success
0%
Star Power Rule Bending
0%
Hypercharge The Last Rulebender
0%
No matching quizzes found
Score Distribution
Percent of People with Each Score
Percentile by Number Answered
Your Score History
You have not taken this quiz